Sectas y otras doctrinas en la actualidad

Guardat en:
Dades bibliogràfiques
Autor principal: Sampedro Nieto, Francisco (Autor)
Format: Llibre
Idioma:espanyol
Publicat: Bogotá CELAM 1995
Edició:3a. ed
Matèries:
Etiquetes: Afegir etiqueta
Sense etiquetes, Sigues el primer a etiquetar aquest registre!

MARC

LEADER 00000nam a2200000 a 4500
001 UCS6736
003 CL-VaPUC
008 971003e19950000CK |||||||||||||||||spa|d
082 0 4 |a 291.9  |b SAM  |2 21 
100 0 |a Sampedro Nieto, Francisco  |e author  |9 392088 
245 1 0 |a Sectas y otras doctrinas en la actualidad 
250 |a 3a. ed 
300 |a 408 p 
942 |c BK 
945 |d 19971003 00:00:00  |a aalvarez 
260 |a Bogotá  |b CELAM  |c 1995 
650 0 |a Sectas  |9 320072 
583 |a last modification  |c 19971003 00:00:00  |k Rodrigo Vera 
999 |c 262322  |d 262320 
952 |0 0  |1 0  |4 0  |6 291_900000000000000_SAM_1995  |7 0  |8 A  |9 290699  |a BIBTEO  |b BIBTEO  |d 2019-11-19  |i 2024047  |o 291.9 SAM 1995  |p 2024047  |r 2024-01-18  |w 2019-11-19  |y BK  |k ICR 
952 |0 0  |1 0  |4 0  |6 291_900000000000000_SAM_1995  |7 0  |8 A  |9 290700  |a BIBTEO  |b BIBTEO  |d 2019-11-19  |i 2024039  |o 291.9 SAM 1995  |p 2024039  |r 2024-01-18  |w 2019-11-19  |y BK  |k ICR 
952 |0 0  |1 0  |4 0  |6 291_900000000000000_SAM_1995  |7 0  |8 A  |9 290701  |a BIBTEO  |b BIBTEO  |d 2019-11-19  |i 2024020  |o 291.9 SAM 1995  |p 2024020  |r 2025-01-17  |w 2019-11-19  |y BK  |k ICR